| 000 | 004720000a22001690004500 | ||
|---|---|---|---|
| 003 | MACL | ||
| 005 | 20151229120828.0 | ||
| 008 | 151229b xxu||||| |||| 00| 0 eng d | ||
| 040 |
_aMACL _cMACL |
||
| 041 | _aEnglish | ||
| 082 | _a100/KAV | ||
| 100 |
_aKaviraja, Gopi Natha _923533 |
||
| 245 |
_aThe Princess of Wales Sarasvati Bhavana Studies _bvol 8 |
||
| 260 |
_bGovernment Sanskrit Library _c1930 _aAllahabad |
||
| 650 |
_aPhilosophy _923618 |
||
| 942 |
_cBK _k100/KAV _2ddc |
||
| 999 |
_c38622 _d38622 |
||